000 00363nam a2200145Ia 4500
008 090124s9999 xx 000 0 und d
082 _b135219
245 _a नेताजी
250 _a1
260 _bखाडीलकर नीलकंठ
_c1999
300 _a113
630 _a नेताजी
730 _a नेताजी
942 _cBOOK
999 _c200092
_d200092